000 00759nam a22002177a 4500
999 _c10653
_d10653
003 AR-CdUCM
008 190401b ||||| |||| 00| 0 spa d
040 _aMUNICIPALIDAD PROVINCIAL DEL CUSCO
_cBIBLIOTECA MUNICIPAL DEL CUSCO
082 _a940.5 /
_bH41 / 1936
100 _aHaya de la Torre, V. R.
_927623
245 _aEx combatientes y desocupados :
_bnotas sobre europa /
260 _aSantiago de Chile :
_bErcilla,
_c1936.
300 _a312 páginas ;
_c18 cm.
440 _aColección grandes obras ;
_927624
505 _aContenido: Notas de Rusia -- Notas de Inglaterra -- Notas de Alemania.
650 _aTrabajo y trabajadores
_99211
650 _aPolítica y gobierno
_92693
650 _aSiglo XX.
_98
942 _2ddc
_cLIBROS
945 _aacv